<?xml version="1.0" encoding="UTF-8"?>
<record
    xmlns:xsi="http://www.w3.org/2001/XMLSchema-instance"
    xsi:schemaLocation="http://www.loc.gov/MARC21/slim http://www.loc.gov/standards/marcxml/schema/MARC21slim.xsd"
    xmlns="http://www.loc.gov/MARC21/slim">

  <leader>01070nam a2200205 i 4500</leader>
  <controlfield tag="001">158085</controlfield>
  <controlfield tag="003">ES-MaACL</controlfield>
  <controlfield tag="005">20230906211013.0</controlfield>
  <controlfield tag="008">000228s1865    sp           |||| | spa d</controlfield>
  <datafield tag="080" ind1=" " ind2=" ">
    <subfield code="a">94(460.187 Ciudad Rodrigo)</subfield>
  </datafield>
  <datafield tag="080" ind1=" " ind2=" ">
    <subfield code="a">94(460.187 Ciudad Rodrigo)"1810"</subfield>
  </datafield>
  <datafield tag="100" ind1="1" ind2=" ">
    <subfield code="a">L&#xF3;pez y Ramajo, Antonio Mar&#xED;a.</subfield>
    <subfield code="9">129246</subfield>
  </datafield>
  <datafield tag="245" ind1="1" ind2="0">
    <subfield code="a">Rese&#xF1;a hist&#xF3;rico-arqueol&#xF3;gica de la antigua Mirabriga [sic] (Ciudad-Rodrigo) : </subfield>
    <subfield code="b">le&#xED;da a la Real Academia Espa&#xF1;ola Arqueol&#xF3;gica y Geogr&#xE1;fica del Pr&#xED;ncipe Alfonso / </subfield>
    <subfield code="c">por Antonio Mar&#xED;a L&#xF3;pez y Ramajo.</subfield>
  </datafield>
  <datafield tag="260" ind1=" " ind2=" ">
    <subfield code="a">Madrid : </subfield>
    <subfield code="b">[s.n.], </subfield>
    <subfield code="c">1865 (</subfield>
    <subfield code="f">Imp. de la Galeria Literaria a cargo de Castillo)</subfield>
  </datafield>
  <datafield tag="300" ind1=" " ind2=" ">
    <subfield code="a">40 p. ; </subfield>
    <subfield code="c">20 cm.</subfield>
  </datafield>
  <datafield tag="651" ind1=" " ind2="4">
    <subfield code="a">Ciudad Rodrigo-</subfield>
    <subfield code="x">Historia.</subfield>
    <subfield code="9">163135</subfield>
  </datafield>
  <datafield tag="651" ind1=" " ind2="4">
    <subfield code="a">Ciudad Rodrigo-</subfield>
    <subfield code="x">Historia-</subfield>
    <subfield code="y">1810, Sitio.</subfield>
    <subfield code="9">173822</subfield>
  </datafield>
  <datafield tag="710" ind1="2" ind2=" ">
    <subfield code="a">Real Academia Espa&#xF1;ola de Arqueolog&#xED;a y Geograf&#xED;a del Pr&#xED;ncipe Alfonso.</subfield>
    <subfield code="9">134778</subfield>
  </datafield>
  <datafield tag="852" ind1="4" ind2=" ">
    <subfield code="a">ES-MaACL</subfield>
    <subfield code="j">T-74-F-11     </subfield>
    <subfield code="z">- Enc. hol., falto de cub. original</subfield>
    <subfield code="z">- Enc. en un vol. facticio    </subfield>
    <subfield code="z">- Ded. aut&#xF3;gr. del autor al presidente del Ateneo de Madrid</subfield>
  </datafield>
  <datafield tag="999" ind1=" " ind2=" ">
    <subfield code="c">158085</subfield>
    <subfield code="d">158085</subfield>
  </datafield>
  <datafield tag="952" ind1=" " ind2=" ">
    <subfield code="0">0</subfield>
    <subfield code="1">0</subfield>
    <subfield code="4">0</subfield>
    <subfield code="7">0</subfield>
    <subfield code="8">Colecci&#xF3;n_de_folletos</subfield>
    <subfield code="a">ATENEOM</subfield>
    <subfield code="b">ATENEOM</subfield>
    <subfield code="c">DEPOF</subfield>
    <subfield code="d">2008-01-17</subfield>
    <subfield code="l">0</subfield>
    <subfield code="o">T-74-F-11</subfield>
    <subfield code="p">1165449</subfield>
    <subfield code="r">2023-02-23 00:00:00</subfield>
    <subfield code="w">2023-02-23</subfield>
    <subfield code="y">FOLLETOS</subfield>
  </datafield>
</record>
